[Event "San Francisco TNM Fall op"]
[Site "San Francisco"]
[Date "2012.10.16"]
[Round "1"]
[White "Sung, Kevin"]
[Black "Byambaa, Uyanga"]
[Result "1/2-1/2"]
[WhiteElo "1586"]
[BlackElo "2093"]
[PlyCount "103"]
[EventDate "2012.10.16"]
[EventType "swiss"]
[EventRounds "9"]
[EventCountry "USA"]
[SourceTitle "EXT 2014"]
[Source "ChessBase"]
[SourceDate "2013.11.20"]
[SourceVersion "1"]
[SourceVersionDate "2013.11.20"]
[SourceQuality "1"]

1. d4 Nf6 2. c4 g6 3. Nc3 Bg7 4. e4 d6 5. Be2 0-0 6. Nf3 e5 7. d5 Nbd7 8. Bg5 h6 9. Bh4 a5 10. 0-0 Nc5 11. Nd2 Bd7 12. a3 a4 13. f3 b6 14. b4 axb3 15. Nxb3 Ba4 16. Nxa4 Nxa4 17. Bd3 Qd7 18. Nd2 Nh5 19. Bf2 Nf4 20. Qb3 Ra5 21. Qc2 Rfa8 22. Rfb1 Bf6 23. Rb3 Bg5 24. Nb1 Nc5 25. Bxc5 dxc5 26. Nc3 Kg7 27. Bf1 Nh5 28. Nb5 Nf6 29. Qb2 Ne8 30. Be2 Nd6 31. Rf1 Nxb5 32. cxb5 Bf6 33. Bc4 Qd6 34. Qc1 Bg5 35. Qb2 Ra4 36. Be2 f6 37. Rc3 Rd4 38. Rd1 Raa4 39. Rcd3 c4 40. Rc3 Qc5 41. Kf1 h5 42. Qc2 Rxa3 43. Rxa3 Qxa3 44. Rxd4 exd4 45. Qxc4 Qa1+ 46. Kf2 Be3+ 47. Kg3 Qe1+ 48. Kh3 Kh6 49. Bf1 Kg5 50. g3 Bg1 51. f4+ Kh6 52. Qe2 1/2-1/2